[Event "Vienna Husek op-B"]
[Site "Vienna"]
[Date "2012.08.17"]
[Round "5"]
[White "Schmidt, Werner"]
[Black "Thurner, Manfred"]
[Result "1-0"]
[WhiteElo "1911"]
[BlackElo "1632"]
[PlyCount "59"]
[EventDate "2012.08.13"]
[EventType "swiss"]
[EventRounds "7"]
[EventCountry "AUT"]
[SourceTitle "EXT 2014"]
[Source "ChessBase"]
[SourceDate "2013.11.20"]
[SourceVersion "1"]
[SourceVersionDate "2013.11.20"]
[SourceQuality "1"]

1. Nf3 c5 2. g3 d5 3. Bg2 Nf6 4. 0-0 e6 5. d3 Be7 6. c4 dxc4 7. dxc4 0-0 8. Nc3 Qb6 9. Ne5 Rd8 10. Qb3 Nbd7 11. Qxb6 Nxb6 12. b3 Nfd7 13. Nd3 Bf6 14. Bb2 Bd4 15. Rab1 Ne5 16. Rfd1 Nbd7 17. Nxe5 Bxe5 18. Na4 Bc7 19. Ba3 Rb8 20. Nxc5 b6 21. Ne4 Bb7 22. Be7 Ne5 23. Bxd8 Bxd8 24. Nc3 Bxg2 25. Kxg2 Bf6 26. Ne4 Be7 27. h3 h6 28. f4 Nc6 29. Rd7 a5 30. Rc7 1-0

[Event "Vienna Husek op-B"]
[Site "Vienna"]
[Date "2012.08.14"]
[Round "2"]
[White "Ptak, Ferdinand"]
[Black "Schmidt, Werner"]
[Result "1-0"]
[WhiteElo "1776"]
[BlackElo "1911"]
[PlyCount "115"]
[EventDate "2012.08.13"]
[EventType "swiss"]
[EventRounds "7"]
[EventCountry "AUT"]
[SourceTitle "EXT 2014"]
[Source "ChessBase"]
[SourceDate "2013.11.20"]
[SourceVersion "1"]
[SourceVersionDate "2013.11.20"]
[SourceQuality "1"]

1. e4 c5 2. Nf3 d6 3. d4 cxd4 4. Nxd4 Nf6 5. f3 g6 6. c4 Bg7 7. Nc3 0-0 8. Be3 Nc6 9. Qd2 Bd7 10. Be2 a6 11. 0-0 Rc8 12. Rac1 Ne5 13. b3 h5 14. Nd5 Kh7 15. Bg5 Nxd5 16. cxd5 f6 17. Be3 g5 18. a4 Ng6 19. Bd3 Ne5 20. Be2 Ng6 21. Qb4 Rxc1 22. Rxc1 Qb8 23. a5 Rc8 24. Rxc8 Qxc8 25. Qc4 Ne5 26. Qxc8 Bxc8 27. h3 h4 28. Bd1 Kg6 29. Bc2 Bh6 30. Kf2 Kg7 31. Ke2 Kg6 32. Nf5 Bxf5 33. exf5+ Kf7 34. Kd2 Ke8 35. Be4 Nf7 36. Kc3 Kd7 37. Kb4 Kc8 38. Bd3 Ne5 39. Be2 Kc7 40. Ka4 Nd7 41. b4 Ne5 42. b5 axb5+ 43. Bxb5 Nd7 44. Bxd7 Kxd7 45. Kb5 Kc7 46. Kc4 Kd7 47. Kd3 Kc7 48. Ke4 Kd7 49. f4 gxf4 50. Bxf4 Bxf4 51. Kxf4 Kc7 52. Kg4 b5 53. axb6+ Kxb6 54. Kxh4 Kc5 55. Kg4 Kxd5 56. h4 Ke5 57. h5 d5 58. h6 1-0

[Event "Leverkusen-ch op"]
[Site "Leverkusen"]
[Date "2009.02.09"]
[Round "3"]
[White "Jakobi, Reik"]
[Black "Schmidt, Werner"]
[Result "1-0"]
[WhiteElo "1634"]
[BlackElo "1435"]
[PlyCount "81"]
[EventDate "2009.01.12"]
[EventType "swiss"]
[EventRounds "7"]
[EventCountry "GER"]
[SourceTitle "EXT 2010"]
[Source "ChessBase"]
[SourceDate "2010.11.25"]
[SourceVersion "1"]
[SourceVersionDate "2010.11.25"]
[SourceQuality "1"]

1. c4 d6 2. d4 c6 3. g3 Bf5 4. Nf3 d5 5. Bg2 e6 6. Nc3 h6 7. h4 Bd6 8. 0-0 Nd7 9. cxd5 cxd5 10. Nd2 a6 11. e4 dxe4 12. Ndxe4 Bb4 13. Bf4 Qb6 14. a3 Be7 15. Na4 Qb5 16. Nec3 Qa5 17. Bxb7 Ra7 18. b4 Qd8 19. Qf3 Ngf6 20. Qc6 Bd3 21. Bc7 0-0 22. Bxd8 Bxd8 23. Rfd1 Bc2 24. Rd2 Bb3 25. Rb1 Bxa4 26. Nxa4 Nb8 27. Qf3 Nbd7 28. Nc5 Bb6 29. Nxa6 Rd8 30. Rc1 Ne5 31. dxe5 Rxd2 32. Rc8+ Kh7 33. exf6 Rxf2 34. Qe4+ g6 35. Nc5 Rd2 36. Ra8 Bxc5+ 37. bxc5 Rxa8 38. Bxa8 Ra2 39. h5 Rxa3 40. hxg6+ fxg6 41. Qb7+ 1-0

[Event "Hessen-ch Seniors op 04th"]
[Site "Bad Sooden-Allendorf"]
[Date "2008.05.02"]
[Round "9"]
[White "Schmidt, Werner"]
[Black "Ludwig, Egbert"]
[Result "1/2-1/2"]
[WhiteElo "1419"]
[BlackElo "1305"]
[PlyCount "20"]
[EventDate "2008.04.24"]
[EventType "swiss"]
[EventRounds "9"]
[EventCountry "GER"]
[SourceTitle "EXT 2022"]
[Source "ChessBase"]
[SourceDate "2021.10.06"]
[SourceVersion "1"]
[SourceVersionDate "2021.10.06"]
[SourceQuality "1"]

1. Nc3 d5 2. e4 e6 3. Nf3 Nf6 4. e5 Nfd7 5. d4 c5 6. Bg5 Qb6 7. b3 Nc6 8. Be2 cxd4 9. Na4 Qa5+ 10. Bd2 Qc7 1/2-1/2

[Event "Hessen-ch Seniors op 04th"]
[Site "Bad Sooden-Allendorf"]
[Date "2008.05.01"]
[Round "8"]
[White "Burkardt, Robert"]
[Black "Schmidt, Werner"]
[Result "1-0"]
[WhiteElo "1594"]
[BlackElo "1419"]
[PlyCount "71"]
[EventDate "2008.04.24"]
[EventType "swiss"]
[EventRounds "9"]
[EventCountry "GER"]
[SourceTitle "EXT 2022"]
[Source "ChessBase"]
[SourceDate "2021.10.06"]
[SourceVersion "1"]
[SourceVersionDate "2021.10.06"]
[SourceQuality "1"]

1. e4 d6 2. Nf3 Nf6 3. Nc3 g6 4. h3 Bg7 5. Bc4 0-0 6. 0-0 Nbd7 7. Rb1 e5 8. d3 a6 9. a3 b5 10. Ba2 c5 11. Bg5 h6 12. Bh4 g5 13. Bg3 Nh5 14. Nxe5 Nxe5 15. Qxh5 Be6 16. Bxe6 fxe6 17. f4 gxf4 18. Bxf4 Qf6 19. Bg3 Qg5 20. Qxg5 hxg5 21. Ne2 d5 22. exd5 exd5 23. Nc3 Rad8 24. Rxf8+ Kxf8 25. Rf1+ Nf7 26. Nd1 Bd4+ 27. Kh2 Re8 28. c3 Be5 29. Bxe5 Rxe5 30. Rf2 Re1 31. Rd2 Kg7 32. Kg3 Ne5 33. Kf2 Rh1 34. Ne3 d4 35. cxd4 cxd4 36. Nf5+ 1-0

[Event "Hessen-ch Seniors op 04th"]
[Site "Bad Sooden-Allendorf"]
[Date "2008.04.26"]
[Round "3"]
[White "Schmidt, Werner"]
[Black "Semisch, Helga"]
[Result "1-0"]
[WhiteElo "1419"]
[BlackElo "1193"]
[PlyCount "79"]
[EventDate "2008.04.24"]
[EventType "swiss"]
[EventRounds "9"]
[EventCountry "GER"]
[SourceTitle "EXT 2022"]
[Source "ChessBase"]
[SourceDate "2021.10.06"]
[SourceVersion "1"]
[SourceVersionDate "2021.10.06"]
[SourceQuality "1"]

1. Nc3 e6 2. e4 Be7 3. Nf3 c5 4. Bc4 d6 5. 0-0 a6 6. a3 Nf6 7. d3 0-0 8. Bg5 Nc6 9. Ne2 b5 10. Ba2 Bb7 11. Ng3 Ng4 12. Bxe7 Qxe7 13. c3 Nge5 14. Nxe5 Nxe5 15. f4 Nc6 16. Qh5 Kh8 17. Rad1 Qc7 18. f5 Ne5 19. fxe6 c4 20. dxc4 bxc4 21. exf7 Nd3 22. Qe2 Qb6+ 23. Kh1 Qxb2 24. Qxb2 Nxb2 25. Rxd6 Rac8 26. Rb6 Na4 27. Rxb7 Nxc3 28. Bb1 Nb5 29. e5 Nxa3 30. e6 Nb5 31. e7 Nd6 32. exf8Q+ Rxf8 33. Ra7 c3 34. Ne4 Nc4 35. Re7 g6 36. Re8 Kg7 37. Rxf8 Kxf8 38. Nxc3 Ne3 39. Rf3 Ng4 40. Ba2 1-0

[Event "Hessen-ch Seniors op 03rd"]
[Site "Bad Sooden-Allendorf"]
[Date "2007.05.03"]
[Round "6"]
[White "Hegner, Peter"]
[Black "Schmidt, Werner"]
[Result "1-0"]
[WhiteElo "1666"]
[BlackElo "1405"]
[PlyCount "73"]
[EventDate "2007.04.27"]
[EventType "swiss"]
[EventRounds "9"]
[EventCountry "GER"]
[SourceTitle "EXT 2022"]
[Source "ChessBase"]
[SourceDate "2021.10.06"]
[SourceVersion "1"]
[SourceVersionDate "2021.10.06"]
[SourceQuality "1"]

1. e4 d6 2. d4 Nf6 3. Nc3 g6 4. f4 e6 5. Nf3 a6 6. Be2 b5 7. a3 Bb7 8. e5 Nd5 9. 0-0 c5 10. Nxd5 Bxd5 11. b3 cxd4 12. Nxd4 Nc6 13. Nxc6 Bxc6 14. Bf3 d5 15. Kh1 Rc8 16. Bb2 Bg7 17. c4 0-0 18. cxd5 Bxd5 19. Bxd5 Qxd5 20. Qxd5 exd5 21. Rf2 Rfd8 22. Rd1 Rd7 23. g3 Bf8 24. b4 a5 25. bxa5 Ra8 26. Rfd2 Rxa5 27. Rxd5 Rxd5 28. Rxd5 Bxa3 29. Rd8+ Bf8 30. Bd4 b4 31. Bb6 Rb5 32. Bd4 b3 33. Bb2 Rb6 34. Kg2 Rb5 35. Ba3 b2 36. Bxf8 b1Q 37. Bh6# 1-0

[Event "Hessen-ch Seniors op 03rd"]
[Site "Bad Sooden-Allendorf"]
[Date "2007.04.28"]
[Round "1"]
[White "Schmidt, Werner"]
[Black "Bendisch, Juergen"]
[Result "0-1"]
[WhiteElo "1405"]
[BlackElo "1792"]
[PlyCount "91"]
[EventDate "2007.04.27"]
[EventType "swiss"]
[EventRounds "9"]
[EventCountry "GER"]
[SourceTitle "EXT 2022"]
[Source "ChessBase"]
[SourceDate "2021.10.06"]
[SourceVersion "1"]
[SourceVersionDate "2021.10.06"]
[SourceQuality "1"]

1. Nc3 d5 2. e4 d4 3. Nce2 e5 4. Ng3 Nf6 5. Nf3 Bd6 6. Bc4 a6 7. a3 b5 8. Ba2 c5 9. d3 h6 10. 0-0 0-0 11. h3 Nc6 12. Nh2 Ne7 13. f4 exf4 14. Bxf4 Qc7 15. Bxd6 Qxd6 16. Qf3 Be6 17. Bxe6 Qxe6 18. Rae1 Rac8 19. Nh5 Nxh5 20. Qxh5 Qg6 21. Qh4 Rfe8 22. Ng4 Qg5 23. Qf2 f6 24. Nh2 Nc6 25. Nf3 Qf4 26. g3 Qc7 27. Qg2 Ne5 28. Nh4 c4 29. Rd1 cxd3 30. cxd3 Qc2 31. Nf5 Qxg2+ 32. Kxg2 Rcd8 33. Rf2 Kh7 34. g4 g6 35. Ng3 Kg7 36. Rc2 Rc8 37. Rxc8 Rxc8 38. Rd2 Kf7 39. Ne2 Ke7 40. Nxd4 Rd8 41. Nc2 Nxd3 42. Kf3 Nxb2 43. Nd4 Kf7 44. Rxb2 Rxd4 45. Rb3 Ke6 46. Kf4 0-1

[Event "Hessen-ch Seniors op 02nd"]
[Site "Bad Sooden-Allendorf"]
[Date "2006.05.07"]
[Round "6"]
[White "Pastowski, Werner"]
[Black "Schmidt, Werner"]
[Result "1/2-1/2"]
[WhiteElo "1556"]
[BlackElo "1501"]
[PlyCount "54"]
[EventDate "2006.04.25"]
[EventType "swiss"]
[EventRounds "9"]
[EventCountry "GER"]
[SourceTitle "EXT 2007"]
[Source "ChessBase"]
[SourceDate "2006.11.23"]
[SourceVersion "1"]
[SourceVersionDate "2006.11.23"]
[SourceQuality "1"]

1. d4 Nf6 2. c4 g6 3. Nc3 d6 4. Nf3 Bg7 5. e4 0-0 6. h3 Nc6 7. Be2 e5 8. d5 Ne7 9. 0-0 Nh5 10. Nh2 Nf4 11. Bxf4 exf4 12. Qd2 g5 13. Bh5 f5 14. Rfe1 h6 15. Rad1 Kh7 16. Nf3 g4 17. hxg4 fxg4 18. Nd4 Be5 19. Ne6 Bxe6 20. dxe6 c6 21. Bxg4 Rg8 22. f3 Rg5 23. Re2 h5 24. Bh3 Rg3 25. Kh2 Qg8 26. Rf2 Qg5 27. Ne2 Rg8 1/2-1/2

[Event "Hessen-ch Seniors op 02nd"]
[Site "Bad Sooden-Allendorf"]
[Date "2006.05.02"]
[Round "8"]
[White "Schmidt, Werner"]
[Black "Reichel, Horst"]
[Result "1/2-1/2"]
[WhiteElo "1501"]
[BlackElo "1365"]
[PlyCount "22"]
[EventDate "2006.04.25"]
[EventType "swiss"]
[EventRounds "9"]
[EventCountry "GER"]
[SourceTitle "EXT 2007"]
[Source "ChessBase"]
[SourceDate "2006.11.23"]
[SourceVersion "1"]
[SourceVersionDate "2006.11.23"]
[SourceQuality "1"]

1. Nc3 Nf6 2. Nf3 e6 3. d4 d5 4. Bg5 Be7 5. e3 0-0 6. Bd3 Nbd7 7. 0-0 h6 8. Bh4 c5 9. Be2 c4 10. b3 Qa5 11. Bxf6 Nxf6 1/2-1/2

[Event "Hessen-ch Seniors op 02nd"]
[Site "Bad Sooden-Allendorf"]
[Date "2006.04.28"]
[Round "4"]
[White "Schmidt, Werner"]
[Black "Fuchs, Manfred1111"]
[Result "1/2-1/2"]
[WhiteElo "1501"]
[BlackElo "1591"]
[PlyCount "43"]
[EventDate "2006.04.25"]
[EventType "swiss"]
[EventRounds "9"]
[EventCountry "GER"]
[SourceTitle "EXT 2007"]
[Source "ChessBase"]
[SourceDate "2006.11.23"]
[SourceVersion "1"]
[SourceVersionDate "2006.11.23"]
[SourceQuality "1"]

1. Nc3 d5 2. e4 d4 3. Nce2 c5 4. Ng3 a6 5. a3 Nc6 6. Bc4 e6 7. Nf3 Qc7 8. 0-0 Nf6 9. d3 h6 10. Ne1 Bd6 11. f4 e5 12. f5 Bd7 13. Nh5 Bf8 14. Nxf6+ gxf6 15. Qh5 Rh7 16. Rf3 0-0-0 17. Rg3 Be8 18. Rg8 Bg7 19. Rxg7 Rxg7 20. Qxh6 Rg8 21. Qxf6 Rd6 22. Qh4 1/2-1/2

[Event "Hessen-ch Seniors op 02nd"]
[Site "Bad Sooden-Allendorf"]
[Date "2006.04.26"]
[Round "2"]
[White "Schmidt, Werner"]
[Black "Smits, Oswald"]
[Result "0-1"]
[WhiteElo "1501"]
[BlackElo "1712"]
[PlyCount "56"]
[EventDate "2006.04.25"]
[EventType "swiss"]
[EventRounds "9"]
[EventCountry "GER"]
[SourceTitle "EXT 2007"]
[Source "ChessBase"]
[SourceDate "2006.11.23"]
[SourceVersion "1"]
[SourceVersionDate "2006.11.23"]
[SourceQuality "1"]

1. Nc3 c5 2. Nf3 Nf6 3. e4 d6 4. Bc4 Nbd7 5. d3 a6 6. a3 e6 7. Bg5 Be7 8. 0-0 0-0 9. Ne2 b5 10. Ba2 Bb7 11. Ng3 Qc7 12. c3 Rac8 13. h3 h6 14. Be3 d5 15. exd5 Nxd5 16. Qd2 Nxe3 17. Qxe3 Bd6 18. Ne4 Bf4 19. Qe2 Qc6 20. g3 Bb8 21. Rad1 Rfd8 22. Bb1 f5 23. Ned2 Ne5 24. Kg2 g5 25. g4 fxg4 26. hxg4 Rf8 27. Qe4 Rf4 28. Qxc6 Bxc6 0-1

[Event "Hessen-ch Seniors op 01st"]
[Site "Bad Sooden-Allendorf"]
[Date "2005.04.28"]
[Round "7"]
[White "Wolff, Heinz"]
[Black "Schmidt, Werner"]
[Result "1/2-1/2"]
[WhiteElo "1399"]
[BlackElo "1503"]
[PlyCount "64"]
[EventDate "2005.04.22"]
[EventType "swiss"]
[EventRounds "9"]
[EventCountry "GER"]
[SourceTitle "EXT 2007"]
[Source "ChessBase"]
[SourceDate "2006.11.23"]
[SourceVersion "1"]
[SourceVersionDate "2006.11.23"]
[SourceQuality "1"]

1. d4 Nf6 2. g3 g6 3. Bg2 Bg7 4. e4 d6 5. Nc3 0-0 6. Nge2 Nc6 7. 0-0 e5 8. dxe5 Nxe5 9. f4 Nc6 10. Kh1 a6 11. a3 Rb8 12. Rb1 Bg4 13. h3 Bxe2 14. Nxe2 Re8 15. Nc3 Nh5 16. Kh2 Ne7 17. Bf3 Nf6 18. Be3 c6 19. g4 Qc7 20. g5 Nd7 21. Qd2 Rbd8 22. Kh1 Nf8 23. Qf2 f5 24. Bb6 Qd7 25. Bxd8 Rxd8 26. Bg2 fxe4 27. Nxe4 Nf5 28. c3 Ne6 29. Rbd1 d5 30. Ng3 Rf8 31. Nxf5 Rxf5 32. Qg3 Qd6 1/2-1/2

[Event "Bahn-ch Seniors"]
[Site "Winterberg"]
[Date "2004.09.29"]
[Round "4"]
[White "Lambey, Georg"]
[Black "Schmidt, Werner"]
[Result "0-1"]
[WhiteElo "1153"]
[BlackElo "1501"]
[PlyCount "118"]
[EventDate "2004.09.26"]
[EventType "swiss"]
[EventRounds "7"]
[EventCountry "GER"]
[SourceTitle "EXT 2013"]
[Source "ChessBase"]
[SourceDate "2012.11.22"]
[SourceVersion "1"]
[SourceVersionDate "2012.11.22"]
[SourceQuality "1"]

1. e4 d6 2. h3 Nf6 3. d3 g6 4. c3 Bg7 5. Nf3 0-0 6. Bg5 h6 7. Bxf6 Bxf6 8. Be2 Nc6 9. Qd2 Kg7 10. 0-0 e5 11. Rd1 a6 12. Nh2 Bg5 13. Qc2 f5 14. Nd2 h5 15. Bf3 Bf4 16. Ndf1 Bh6 17. Qe2 Qg5 18. Qe3 f4 19. Qe2 Bxh3 20. Kh1 Be6 21. Nd2 Rf7 22. Rg1 Qe7 23. g4 fxg3 24. Rxg3 Bg5 25. Rag1 Bf4 26. Rxg6+ Kh7 27. R1g2 Bh3 28. Rg1 Qh4 29. R6g3 Bxg3 30. fxg3 Qf6 31. Bxh5 Qf2 32. Qxf2 Rxf2 33. Ndf3 Bd7 34. Nh4 Ne7 35. Rg2 Raf8 36. g4 Rxg2 37. Kxg2 Rf4 38. Kg3 Rf8 39. b4 Kh6 40. a4 Bxa4 41. Nf5+ Nxf5+ 42. exf5 Bc2 43. Nf3 Bxd3 44. Bg6 e4 45. g5+ Kg7 46. Nd4 Bc4 47. Kf4 c5 48. bxc5 dxc5 49. Nc2 Rd8 50. Kxe4 Bd3+ 51. Ke5 Bxc2 52. Bh5 Bxf5 53. Kxf5 a5 54. Be2 a4 55. Bc4 a3 56. g6 b5 57. Bb3 Rd3 58. Ba2 Rxc3 59. Bb1 b4 0-1

[Event "Bahn-ch Seniors"]
[Site "Winterberg"]
[Date "2004.09.27"]
[Round "2"]
[White "Gruetzmacher, Herbert"]
[Black "Schmidt, Werner"]
[Result "1/2-1/2"]
[WhiteElo "1511"]
[BlackElo "1501"]
[PlyCount "41"]
[EventDate "2004.09.26"]
[EventType "swiss"]
[EventRounds "7"]
[EventCountry "GER"]
[SourceTitle "EXT 2013"]
[Source "ChessBase"]
[SourceDate "2012.11.22"]
[SourceVersion "1"]
[SourceVersionDate "2012.11.22"]
[SourceQuality "1"]

1. c4 Nf6 2. Nc3 g6 3. g3 Bg7 4. Bg2 0-0 5. e3 d6 6. Nge2 Nbd7 7. 0-0 e5 8. d4 Rb8 9. b3 a6 10. Ba3 b5 11. Bb2 bxc4 12. Qc2 cxb3 13. axb3 c5 14. dxe5 dxe5 15. Rfd1 Qb6 16. Nc1 Bb7 17. e4 Bc8 18. Na4 Qa7 19. Ba3 Re8 20. Nxc5 Rb5 21. N5d3 1/2-1/2

[Event "Bahn-ch Seniors"]
[Site "Winterberg"]
[Date "2004.09.26"]
[Round "1"]
[White "Schmidt, Werner"]
[Black "Maertin, Eberhard"]
[Result "0-1"]
[WhiteElo "1501"]
[BlackElo "1748"]
[PlyCount "106"]
[EventDate "2004.09.26"]
[EventType "swiss"]
[EventRounds "7"]
[EventCountry "GER"]
[SourceTitle "EXT 2013"]
[Source "ChessBase"]
[SourceDate "2012.11.22"]
[SourceVersion "1"]
[SourceVersionDate "2012.11.22"]
[SourceQuality "1"]

1. Nc3 d5 2. e4 e6 3. Nf3 Bb4 4. a3 Bxc3 5. bxc3 dxe4 6. Ng1 Nf6 7. Bc4 0-0 8. Ne2 c5 9. d3 exd3 10. cxd3 b6 11. Bb3 Bb7 12. 0-0 Nbd7 13. Bf4 Nd5 14. Bg3 N5f6 15. Nf4 Qc8 16. Rc1 Qc6 17. f3 Rad8 18. Qe2 Ba6 19. Rfe1 Rfe8 20. Qb2 Nf8 21. Re3 Nd5 22. Nxd5 exd5 23. Rce1 Rxe3 24. Rxe3 c4 25. dxc4 Bxc4 26. Bc2 Ne6 27. Qb1 h6 28. Be5 Qc5 29. Qc1 d4 30. cxd4 Nxd4 31. Bxd4 Qxd4 32. Qe1 g6 33. h3 Re8 34. Kf2 Kg7 35. Be4 f5 36. Bc6 Re6 37. Bd7 Qxd7 38. Qc3+ Kf7 39. Qxc4 Qd2+ 40. Qe2 Qxe2+ 41. Rxe2 Rxe2+ 42. Kxe2 Ke6 43. Kd3 Kd5 44. Kc3 f4 45. Kd3 g5 46. Kc3 a6 47. a4 b5 48. axb5 axb5 49. Kb4 Kd4 50. Kxb5 Ke3 51. Kc5 Kf2 52. Kd5 Kxg2 53. Ke5 Kxf3 0-1

[Event "Leverkusen op"]
[Site "Leverkusen"]
[Date "2004.03.15"]
[Round "6"]
[White "Biskup, Ulrich"]
[Black "Schmidt, Werner"]
[Result "1-0"]
[WhiteElo "1452"]
[BlackElo "1429"]
[PlyCount "79"]
[EventDate "2004.01.12"]
[EventType "swiss"]
[EventRounds "9"]
[EventCountry "GER"]
[SourceTitle "EXT 2006"]
[Source "ChessBase"]
[SourceDate "2005.11.24"]
[SourceVersion "1"]
[SourceVersionDate "2005.11.24"]
[SourceQuality "1"]

1. d4 d5 2. c4 dxc4 3. e3 b5 4. a4 c6 5. axb5 cxb5 6. Qf3 Nc6 7. Qxc6+ Bd7 8. Qf3 Nf6 9. Bd2 Qc8 10. e4 Bc6 11. d5 Bb7 12. Bb4 g6 13. Nc3 a6 14. h3 Bg7 15. Qe3 Qc7 16. Be2 0-0 17. Nf3 Rfe8 18. 0-0 e5 19. Rfd1 Qc8 20. Nh2 Bf8 21. Bxf8 Kxf8 22. Ng4 Ng8 23. Qg5 Qc7 24. Bf3 Qd6 25. Qe3 Kg7 26. g3 Bc8 27. Nxb5 Qb8 28. Na3 h5 29. Nxe5 Qxe5 30. Nxc4 Qc7 31. Qd4+ Kh7 32. Nb6 Rb8 33. Nxc8 Qxc8 34. Kg2 Rb3 35. h4 Qb7 36. Rd2 Qc8 37. d6 Rxf3 38. Kxf3 Qg4+ 39. Kg2 Rxe4 40. Qd5 1-0

[Event "Leverkusen op"]
[Site "Leverkusen"]
[Date "2004.03.01"]
[Round "5"]
[White "Guelden, Ralf"]
[Black "Schmidt, Werner"]
[Result "1-0"]
[WhiteElo "1560"]
[BlackElo "1429"]
[PlyCount "82"]
[EventDate "2004.01.12"]
[EventType "swiss"]
[EventRounds "9"]
[EventCountry "GER"]
[SourceTitle "EXT 2006"]
[Source "ChessBase"]
[SourceDate "2005.11.24"]
[SourceVersion "1"]
[SourceVersionDate "2005.11.24"]
[SourceQuality "1"]

1. d4 d5 2. c4 dxc4 3. Nf3 c6 4. e4 b5 5. a4 Bb7 6. axb5 cxb5 7. Nc3 a6 8. d5 h6 9. Bf4 Nf6 10. Be2 g6 11. Qc2 Bg7 12. 0-0 Nbd7 13. Rfd1 0-0 14. Nd4 Qc8 15. Bf3 Ne8 16. Qd2 g5 17. Bg3 Ne5 18. Bxe5 Bxe5 19. Nf5 Kh7 20. h4 e6 21. Nxh6 Bf4 22. Qc2 Kxh6 23. hxg5+ Bxg5 24. g3 e5 25. Kg2 Ng7 26. Rh1+ Kg6 27. Qe2 Rh8 28. Rxh8 Qxh8 29. Rh1 Qf8 30. Bh5+ Nxh5 31. Qxh5+ Kf6 32. Qf3+ Ke7 33. Rh5 Qg7 34. Qf5 Bf6 35. Rh7 Qg8 36. Rh6 Qg5 37. d6+ Kf8 38. Rh8+ Bxh8 39. Qxg5 f6 40. Qf5 Re8 41. Qd7 Bc8 1-0

[Event "Leverkusen op"]
[Site "Leverkusen"]
[Date "2004.01.12"]
[Round "1"]
[White "Sondermann, Johannes"]
[Black "Schmidt, Werner"]
[Result "1-0"]
[WhiteElo "2126"]
[BlackElo "1429"]
[PlyCount "75"]
[EventDate "2004.01.12"]
[EventType "swiss"]
[EventRounds "9"]
[EventCountry "GER"]
[SourceTitle "EXT 2006"]
[Source "ChessBase"]
[SourceDate "2005.11.24"]
[SourceVersion "1"]
[SourceVersionDate "2005.11.24"]
[SourceQuality "1"]

1. e4 c5 2. Nf3 d6 3. Bb5+ Bd7 4. Bxd7+ Nxd7 5. c4 e5 6. d3 h6 7. Nc3 Ngf6 8. 0-0 Be7 9. Nh4 a5 10. Nf5 Rg8 11. Qa4 Kf8 12. f4 Nb6 13. Qd1 Qd7 14. Be3 Nh7 15. Qf3 Bf6 16. Nb5 Nc8 17. fxe5 Bxe5 18. Rad1 Ng5 19. Bxg5 hxg5 20. Qh5 f6 21. h4 g6 22. Qh6+ Ke8 23. Ne3 gxh4 24. Nd5 Qg7 25. Nbc7+ Kd7 26. Qxg7+ Rxg7 27. Nxa8 Kc6 28. Nxf6 b6 29. Nd5 Kb7 30. Rf8 g5 31. Rdf1 g4 32. Nac7 h3 33. R1f7 h2+ 34. Kh1 Rxf7 35. Rxf7 Kb8 36. Na6+ Ka8 37. Rc7 Na7 38. Nxb6# 1-0

[Event "Regionalliga NO 0203"]
[Site "Bayern"]
[Date "2003.03.09"]
[Round "8.8"]
[White "Schmidt, Werner"]
[Black "Pfeiffer, Georg"]
[Result "0-1"]
[WhiteElo "1892"]
[BlackElo "1922"]
[PlyCount "56"]
[EventDate "2002.10.20"]
[EventType "team-tourn"]
[EventRounds "9"]
[EventCountry "GER"]
[SourceTitle "EXT 2004"]
[Source "ChessBase"]
[SourceDate "2003.11.25"]
[SourceVersion "1"]
[SourceVersionDate "2003.11.25"]
[SourceQuality "1"]
[WhiteTeam "Regensburg Eulenspiegel"]
[BlackTeam "Postbauer Heng"]
[WhiteTeamCountry "GER"]
[BlackTeamCountry "GER"]

1. d4 Nf6 2. c4 e6 3. Nc3 d5 4. Bg5 Be7 5. e3 0-0 6. c5 c6 7. b4 Nbd7 8. f4 Ne8 9. Nf3 f6 10. Bh4 e5 11. dxe5 fxe5 12. Ng5 h6 13. Ne6 Bxh4+ 14. g3 Qf6 15. Nxf8 exf4 16. Nxd5 cxd5 17. Nxd7 Bxd7 18. gxh4 Qc3+ 19. Qd2 Qxa1+ 20. Kf2 Nf6 21. Bg2 fxe3+ 22. Kxe3 Qe5+ 23. Kf2 Ng4+ 24. Kg1 Qa1+ 25. Bf1 Bc6 26. h3 Rf8 27. Qd3 Qf6 28. Qe2 Qd4+ 0-1

[Event "Regionalliga NO 0102"]
[Site "Bayern"]
[Date "2002.01.20"]
[Round "4.8"]
[White "Schloetterer, Hermann"]
[Black "Schmidt, Werner"]
[Result "0-1"]
[WhiteElo "1920"]
[BlackElo "1870"]
[PlyCount "68"]
[EventDate "2001.10.07"]
[EventType "team-tourn"]
[EventRounds "9"]
[EventCountry "GER"]
[SourceTitle "EXT 2003"]
[Source "ChessBase"]
[SourceDate "2002.11.25"]
[SourceVersion "1"]
[SourceVersionDate "2002.11.25"]
[SourceQuality "1"]
[WhiteTeam "Nuernberg II"]
[BlackTeam "Regensburg Eulenspiegel"]
[WhiteTeamCountry "GER"]
[BlackTeamCountry "GER"]

1. d4 d5 2. g3 Bf5 3. Bg2 c6 4. Nf3 h6 5. 0-0 Nf6 6. c4 dxc4 7. Na3 b5 8. b3 c3 9. Ne5 Be4 10. f3 Bh7 11. e4 e6 12. Qd3 Qa5 13. Nc2 c5 14. Kh1 Nbd7 15. Rd1 cxd4 16. Nc6 Qb6 17. N6xd4 b4 18. a3 Rc8 19. axb4 Be7 20. Be3 Bxb4 21. Nf5 Nc5 22. Nxg7+ Kf8 23. Qd4 Kxg7 24. Nxb4 Nxb3 25. Bxh6+ Kxh6 26. Qxf6+ Bg6 27. Qf4+ Kh7 28. e5 Nxa1 29. Rxa1 c2 30. Rc1 Rhd8 31. Nxc2 Rxc2 32. Bf1 Rxc1 33. Qxc1 Qf2 34. Bg2 Rd2 0-1

[Event "Oberjoch op"]
[Site "Oberjoch"]
[Date "2002.??.??"]
[Round "9"]
[White "Sakowski, Christian"]
[Black "Schmidt, Werner"]
[Result "1/2-1/2"]
[WhiteElo "1715"]
[BlackElo "1988"]
[PlyCount "79"]
[EventDate "2002.??.??"]
[EventType "swiss"]
[EventRounds "9"]
[EventCountry "GER"]
[SourceTitle "EXT 2004"]
[Source "ChessBase"]
[SourceDate "2003.11.25"]
[SourceVersion "1"]
[SourceVersionDate "2003.11.25"]
[SourceQuality "1"]

1. d4 Nf6 2. Nf3 c5 3. d5 e6 4. c4 exd5 5. cxd5 d6 6. Nc3 Be7 7. g3 0-0 8. Bg2 Nbd7 9. 0-0 a6 10. a4 b6 11. Bg5 Bb7 12. e4 Re8 13. Re1 Ne5 14. Nxe5 dxe5 15. Bxf6 Bxf6 16. Qd3 Be7 17. b3 Bd6 18. Nb1 Bc8 19. Nd2 Rb8 20. Nc4 b5 21. axb5 Rxb5 22. Nxd6 Qxd6 23. Ra3 Rb4 24. Qc3 Bb7 25. f3 Qb6 26. Kh1 f6 27. Bf1 Kf8 28. Bc4 Ra8 29. Rea1 Ke8 30. Ra5 Kd7 31. R1a3 Qd6 32. Qd3 Rb6 33. Kg2 Ke7 34. Qe3 Rc8 35. Ra1 Kd8 36. Rc1 Rb4 37. Rca1 Rb6 38. h4 Ke7 39. g4 Ke8 40. Qe2 1/2-1/2